Petit Bac : Les dessins animés - Statistiques

Statistiques générales
  • Ce quiz a été pris 284 fois
  • Le résultat moyen est 9 sur 26
Statistiques - réponses
Lettre Dessin Animé % Correct
B Bob l'éponge/Bob le bricoleur/Babar/Barbapapa/Barbie/Batman/Beyblade/Bienvenue chez les Louds/Bip Bip et Coyotte/Bisounours/Booba/Boule et Bill/Boumbo/Belle et Sébastien/Bibifoc/Billy Cat/Bonne nuit les petits/Bakugan/Baskup/Ben 10/Bienvenue les Casagrandes/Boy Girl Etc/Bubble Guppies
79%
T Télétubies/titeuf/Titi et Grosminet/Tom et Jerry/Tom Sawyer/Tom-Tom et Nana/Tortues ninjas/Totally spies/Toupou/Tchoupi/Teen Titans Go/Team dronix/Team Galaxy/Thomas le train/Transformers rescue/trolls de troy/TroTro/Tutitu
68%
L La bande à Picsou/La famille de la jungle/Le petit lord/Le roi Leo/Les 4 fantastiques/Les aventures de Tintin/Les aventures d'une mouche/La panthère rose/Le bus magqiue/Les mystérieuses cités d'or/Les supers nanas/Les Ratz/Les razmoket/Les lolirocks/Looney Tunes/La boucle infernale/La chouette et cie/La maison de Mickey/Le laboratoire de Dexter/L'apprenti du Père-Noël/Le chat de Frankenstein/Le manège enchanté/Le petit Nicolas/Les as de la jungle/Le ranch/ Le monde incroyable de Gumball/Les daltons/Les fous du volant/Lapins crétins/Les légendaires/Les mini Sorcières/Les ptits diables/Les pyjamasques/Les tripés/Linus et Boom/Léonard/ Lou/Lucky Luke/Les minijusticiers/Littlest petshop/La petite géante/L'île des défis extrêmes
67%
P Papyrus/Petit ours brun/Pingu/Pokémon/Popeye/Power ranger/Princesse Sarah /Pitchi Pitchi Pitch/Pat patrouille/Peppa pig/Phineas et Ferb/Power Player/Père Castor/Princesse Sofia/Polly Pocket/Pet Club/Pucca
63%
O Olive et Tom/Oui-Oui/Oggy et les cafards/Objectif Blake/Octonauts/Oscar et Malika/Oncle grandpa/Ok KO
57%
D Dan et Danny/Digimon/Dingo/Dinosaure/Dragon Ball/Défenseur de la Terre/Drôles de monstres/Dragons/Docteur la peluche/Dinotrain/Dans les Alpes avec Annette/Denis la malice/Denver le dernier dinosaure/Didou/Dora l'exploratrice/Dr.Slump
56%
S Sprout a craqué son slipSheezow/Souvenirs de Gravity Falls/Samsam/Sakura chasseuse de cartes/Scooby-doo/Spider-man/Sourire d'enfer/Sonic Boom/SPirou et Fantasio/Superman/Sam le pompier/Sally bollywood/Shuriken School/Sid le petit scientifique/Spiez/Slugterra/Shaun le mouton/Sherlock Yack/Star Butterfly/Super 4/Super Wings/Steven Universe/Shimmer et Shine
56%
A Albator 78/Albator 78//Angelo la débrouille/Angry Birds/Animaux et Cie/Arthur/Astro, le petit robot/Astérix et Obélix/Atomic Betty/Alvin et les chipmunks/Anatole Latuile/Alice et Lewis/Azuro/Adventure Time/Albert le 5e mousquetaire/Angela Anaconda/Avatar/American Dad/Ariol/Adibou/Alien Bazar
52%
M Marcelino/Monstres contre Aliens/Monster Buster Club/Martin Myster/Maya l'abeille/Minuscules/My little pony/Martin Matin/Magical DoReMi/Mon ami le marsupliami/Les zinzins de l'espace/Masha et Michka/Matt et les monstres/Max le maestro/Mes parrains sont magiques/Mia et moi/Molusco/Monster high/Mr Bean/Moka/Mini-lou/Mini ninjas/Miraculous Ladybug/Miss Moon/Mission invisible/Mucha Lucha/Mission Odyssey/Manny et ses outils/Mouk
52%
C Calimero/Candy Candy/Capitaine Caverne/Capitaine Flam/Capitaine Planète/Captain N/Cédric/Code Lyoko/Cléo et Cuquin/Cobra/Cosmocats/Cubitus/Crypte Show/Casper/Chasseurs de dragons/Clémentine/Clifford/Corneil et Bernie/Courage le chien froussard/Chapi Chapo/Croc Blanc/Catseye/Charlotte aux fraises/Caillou
51%
F Famille Pirate/Fantomette/Flipper/Foot 2 rue/Franklin/Freakazoid/Funky Cops/Family guy/Fils de wouf/Fish n Chips/Foot 2 rue extreme/Foster la maison des amis imaginaires/Fangbone/Flapacha où es-tu/Futurama/Furiki
50%
G Galactik football/Garfield/Gargoyles/Goldorak/Grand Galop/Gawayn/Georges de la jungle/Go Diego Go/Gormiti/Grabouillon/Grizzy et les lemmings/Grojband/Geronima Stilton
45%
I Il était une fois la vie/Il était une fois Gigi/Inspecteur Gadget/Ironman/Il était une fois les découvreurs/Inazuma Eleven
27%
Y Yakari/Yu-gi-oh/Yokai watch/Yetili
27%
Z Zoo/Zig et Sharko/Zip Zip/Zafari/Zak storm
25%
H Hamtaro/Hey Arnold/Heidi/Horseland/Harvey Beaks/Hubert et Takako
24%
K Kangoo/Kidpaddle/Ken le survivant/Kim Possible/Kaeloo
19%
W Wander/Winx club/Wakfu/Woody Woodpecker/Winni l'ourson
17%
R Ranma 1/2 /Remi sans famille/Rocket Power/Robinson Sucroe/Rolie Polie Olie/Redakai/Regular Show/Rekkit/Robotboy/ Robocar poli/Rosie/Rocky Kwanterner
16%
J Jackie Chan adventures/Jeanne et Serge/Jimmy Neutron/Johnny test/Johnny Bravo/Juliette je t'aime/Jumanji/Jake et les pirates du pays imaginaires/Jamies a des tentacules/
15%
N Nicky Larson/Ninjago/Niko le petit renne/Nocturna, la nuit magique
14%
X X-men/Xiaolin chronicles
5%
E Edgar, le Détective Cambrioleur/Emilie/Embrasse-moi Lucile/Esprit Fantômes/Eliot Kid/Elana d'Avalor/Ever After High
2%
Q Quoi d'neuf Scooby-doo ?
0%
U Ulysses 31/Umizoomi
0%
V Vic le Vicking
0%
Aucun quiz correspondant
Distribution des résultats
% des personnes avec chaque résultat
Percentile par nombre de réponses
Votre historique - résultats
Vous n’avez pas pris ce quiz